<?xml version="1.0" encoding="UTF-8"?><marc:collection xmlns:marc="http://www.loc.gov/MARC21/slim">
  <marc:record>
    <marc:leader>00000nam##2200000za#4500</marc:leader>
    <marc:controlfield tag="001">9.575606</marc:controlfield>
    <marc:controlfield tag="003">CaOODSP</marc:controlfield>
    <marc:controlfield tag="005">20210624184738</marc:controlfield>
    <marc:controlfield tag="007">cr |||||||||||</marc:controlfield>
    <marc:controlfield tag="008">150406|2008||||xxc|||||o    f|0| 0 eng|d</marc:controlfield>
    <marc:datafield tag="040" ind1=" " ind2=" ">
      <marc:subfield code="a">CaOODSP</marc:subfield>
      <marc:subfield code="b">eng</marc:subfield>
    </marc:datafield>
    <marc:datafield tag="043" ind1=" " ind2=" ">
      <marc:subfield code="a">n-cn---</marc:subfield>
    </marc:datafield>
    <marc:datafield tag="086" ind1="1" ind2=" ">
      <marc:subfield code="a">TU3-5/08-26E-PDF</marc:subfield>
    </marc:datafield>
    <marc:datafield tag="110" ind1="2" ind2=" ">
      <marc:subfield code="a">Transportation Safety Board of Canada.</marc:subfield>
    </marc:datafield>
    <marc:datafield tag="245" ind1="1" ind2="0">
      <marc:subfield code="a">Out-of-trim nose down condition leading to an Airplane upset - Air Transat Airbus A310-308 C-GPAT, Québec International Airport/Jean Lesage, Quebec, 05 March 2008 </marc:subfield>
      <marc:subfield code="h">[electronic resource]</marc:subfield>
    </marc:datafield>
    <marc:datafield tag="260" ind1=" " ind2=" ">
      <marc:subfield code="a">Gatineau - Quebec : </marc:subfield>
      <marc:subfield code="b">Transportation Safety Board of Canada </marc:subfield>
      <marc:subfield code="c">[2008].</marc:subfield>
    </marc:datafield>
    <marc:datafield tag="300" ind1=" " ind2=" ">
      <marc:subfield code="a">56p.</marc:subfield>
      <marc:subfield code="b">coloured illus., figs., tables</marc:subfield>
    </marc:datafield>
    <marc:datafield tag="490" ind1="1" ind2=" ">
      <marc:subfield code="a">Aviation investigation report </marc:subfield>
      <marc:subfield code="v">A08Q0051</marc:subfield>
    </marc:datafield>
    <marc:datafield tag="590" ind1=" " ind2=" ">
      <marc:subfield code="a">13-02-Supp</marc:subfield>
      <marc:subfield code="b">2013-01-11</marc:subfield>
    </marc:datafield>
    <marc:datafield tag="775" ind1="0" ind2="8">
      <marc:subfield code="t">Condition non compensée en piqué menant à une perte de maîtrise du Airbus A310-308 C-GPAT exploité par Air Transat à l'aéroport international de Québec/Jean-Lesage (Québec), le 5 mars 2008 </marc:subfield>
      <marc:subfield code="w">(CaOODSP)9.605104</marc:subfield>
    </marc:datafield>
    <marc:datafield tag="830" ind1="#" ind2="0">
      <marc:subfield code="a">Aviation investigation report ;</marc:subfield>
      <marc:subfield code="v">A08Q0051</marc:subfield>
      <marc:subfield code="w">(CaOODSP)9.504825</marc:subfield>
    </marc:datafield>
    <marc:datafield tag="856" ind1="4" ind2="0">
      <marc:subfield code="a">http://publications.gc.ca</marc:subfield>
      <marc:subfield code="q">PDF</marc:subfield>
      <marc:subfield code="s">950 KB</marc:subfield>
      <marc:subfield code="u">https://publications.gc.ca/collections/collection_2012/bst-tsb/TU3-5-08-26-eng.pdf</marc:subfield>
      <marc:subfield code="y">A08Q0051</marc:subfield>
    </marc:datafield>
  </marc:record>
</marc:collection>
